UNESCO's Associated Universities project (UAUP).

Projekt UNESCO o vytvorení siete združených univerzít ponúkajúcich vzdelávanie v medzinárodnom meradle založenom na integrálnom štúdiu. Koncepcia združenej univerzity. Stratégia projektu združených univerzít.

Gespeichert in:
Bibliographische Detailangaben
1. Verfasser: Hamm, B.
Format: Buchkapitel
Sprache:Englisch
Schlagworte:
Tags: Tag hinzufügen
Keine Tags, Fügen Sie das erste Tag hinzu!

MARC

LEADER 00000naa a2200000 4500
001 r009914
005 20221213085013.3
041 0 |a eng 
044 |a GB 
245 1 0 |a UNESCO's Associated Universities project (UAUP).  |c B. Hamm 
520 |a Projekt UNESCO o vytvorení siete združených univerzít ponúkajúcich vzdelávanie v medzinárodnom meradle založenom na integrálnom štúdiu. Koncepcia združenej univerzity. Stratégia projektu združených univerzít. 
610 2 0 |a univerzity 
610 2 0 |a školy vysoké 
610 2 0 |a projekty 
610 2 0 |a UNESCO 
610 2 0 |a združenia vedeckotechnické 
610 2 0 |a koncepcie 
610 2 0 |a prognózy 
610 2 0 |a spolupráca vedecká 
100 1 |a Hamm, B.